000 00372nam a2200145Ia 4500
008 231129s1992||||xx |||||||||||||| ||spa||
020 _a84-7583-352-7
040 _bspa
082 _aR 612.6 T677v
100 _aTordjman Gilbert
245 0 _aLa vida sexual de los niƱos
260 _c1992
264 _aFolio
942 _2ddc
_cBKS
999 _c18480
_d18480